Les français en Premier League (2010-2020) - Statistiques

Statistiques générales
  • Ce quiz a été pris 1 294 fois
    1 217 depuis la dernière actualisation
  • Le résultat moyen est 26 sur 101
Statistiques - réponses
Nb de saisons Clubs Joueur % Correct
8 Tottenham (2012-2020) Hugo Lloris
91%
8 Arsenal (2012-2018), Chelsea (2017-2020) Olivier Giroud
86%
8 Arsenal (2010-2012), Manchester City (2011-2017), West Ham (2018-2019) Samir Nasri
81%
5 Leicester (2015-2016), Chelsea (2016-2020) N'Golo Kanté
80%
5 Manchester United (2011-2012, 2016-2020) Paul Pogba
77%
1 Arsenal (2011-2012) Thierry Henry
76%
8 Newcastle (2012-2016), Tottenham (2016-2020) Moussa Sissoko
75%
9 Arsenal (2010-2019) Laurent Koscielny
73%
7 Arsenal (2010-2014), Manchester City (2014-2017) Bacary Sagna
72%
7 Arsenal (2010-2011), Manchester City (2011-2017) Gaël Clichy
68%
3 Arsenal (2017-2020) Alexandre Lacazette
67%
2 Everton (2018-2020) Lucas Digne
62%
2 West Ham (2015-2017) Dimitri Payet
58%
5 Newcastle (2010-2014), Hull (2014-2015) Hatem Ben Arfa
58%
5 Manchester United (2015-2020) Anthony Martial
57%
7 Liverpool (2013-2016), Crystal Palace (2016-2020) Mamadou Sakho
57%
8 Southampton (2012-2015), Manchester United (2015-2017), Everton (2016-2020) Morgan Schneiderlin
57%
5 Manchester United (2010-2014), West Ham (2017-2018) Patrice Evra
55%
3 Manchester City (2017-2020) Benjamin Mendy
54%
3 Leicester (2016-2017, 2018-2020) Nampalys Mendy
54%
3 Chelsea (2010-2012), West Bromwich (2013-2014) Nicolas Anelka
48%
6 Newcastle (2011-2014), Crystal Palace (2015-2018) Yohan Cabaye
48%
6 Chelsea (2014-2017, 2019-2020), Stoke (2017-2018), Everton (2018-2019) Kurt Zouma
46%
1 Tottenham (2019-2020) Tanguy Ndombele
43%
1 Manchester City (2010-2011) Patrick Vieira
42%
1 Newcastle (2019-2020) Allan Saint-Maximin
39%
1 Newcastle (2015-2016) Florian Thauvin
38%
7 Tottenham (2013-2015), Watford (2015-2020) Etienne Capoue
37%
1 Brighton (2019-2020) Neal Maupay
37%
6 Newcastle (2012-2014), Arsenal (2014-2018) Mathieu Debuchy
36%
1 Crystal Palace (2016-2017) Steve Mandanda
36%
5 Arsenal (2010-2015) Abou Diaby
33%
3 Manchester City (2014-2016, 2017-2018), Everton (2017-2018) Eliaquim Mangala
33%
2 Chelsea (2010-2012) Florent Malouda
33%
4 Arsenal (2013-2016), Crystal Palace (2016-2017) Mathieu Flamini
32%
4 Watford (2016-2020) Abdoulaye Doucouré
31%
6 Arsenal (2011-2013, 2014-2018) Francis Coquelin
31%
1 Aston Villa (2010-2011) Robert Pirès
31%
3 Tottenham (2010-2013) William Gallas
31%
2 Arsenal (2018-2020) Mattéo Guendouzi
29%
2 Queens Park Rangers (2011-2013) Djibril Cissé
28%
8 Tottenham (2010-2015), Sunderland (2015-2017), Watford (2016-2019) Younès Kaboul
27%
5 Queens Park Rangers (2012-2013, 2014-2015), Newcastle (2013-2014), Chelsea (2014-2016), Crystal Palace (2016-2017) Loïc Rémy
25%
2 West Ham (2012-2014) Alou Diarra
22%
3 Everton (2010-2012), Tottenham (2011-2012), Sunderland (2012-2013) Louis Saha
20%
2 Swansea (2014-2016) Bafétimbi Gomis
19%
1 Newcastle (2014-2015) Rémy Cabella
18%
1 Chelsea (2017-2018) Tiémoué Bakayoko
17%
6 Manchester United (2010-2011), Newcastle (2011-2016) Gabriel Obertan
16%
5 Blackburn (2010-2012), Stoke (2012-2015) Steven Nzonzi
16%
4 Newcastle (2012-2016) Yoan Gouffran
16%
1 Fulham (2018-2019) Aboubakar Kamara
15%
2 West Ham (2018-2020) Issa Diop
15%
1 Everton (2019-2020) Djibril Sidibé
14%
1 Fulham (2013-2014) Moussa Dembélé
14%
3 Leicester (2014-2015), Brighton (2017-2019) Anthony Knockaert
13%
6 Wigan (2010-2011), Aston Villa (2011-2016) Charles N'Zogbia
10%
3 Arsenal (2010-2013) Sébastien Squillaci
10%
6 Everton (2010-2015), Bournemouth (2015-2016) Sylvain Distin
10%
4 Bournemouth (2016-2019), Sheffield (2019-2020) Lys Mousset
9%
1 Sunderland (2015-2016) Yann M'Vila
9%
3 Liverpool (2013-2014), Aston Villa (2014-2016) Aly Cissokho
8%
3 Tottenham (2016-2019), Burnley (2017-2018) Georges-Kévin Nkoudou
8%
1 Tottenham (2014-2015) Benjamin Stambouli
7%
1 Aston Villa (2019-2020) Frédéric Guilbert
7%
3 Newcastle (2017-2020) Florian Lejeune
6%
1 Blackpool (2010-2011) Ludovic Sylvestre
6%
1 Sunderland (2010-2011) Steed Malbranque
6%
2 Arsenal (2013-2015), Crystal Palace (2014-2015) Yaya Sanogo
6%
1 Sunderland (2014-2015) Anthony Réveillère
5%
1 Aston Villa (2015-2016) Jordan Veretout
5%
1 West Ham (2010-2011) Julien Faubert
5%
2 Newcastle (2012-2014) Mapou Yanga-Mbiwa
5%
3 Liverpool (2010-2011), Bolton (2011-2012), Swansea (2013-2014) David N'Gog
4%
2 Newcastle (2014-2016) Emmanuel Rivière
4%
2 Blackburn (2010-2012) Gaël Givet
4%
2 Arsenal (2015-2017) Jeff Reine-Adélaïde
4%
1 Aston Villa (2015-2016) Jordan Amavi
4%
1 Fulham (2018-2019) Maxime Le Marchand
4%
1 Blackburn (2010-2011) Pascal Chimbonda
4%
2 Southampton (2016-2018) Jérémy Pied
3%
3 West Bromwich (2013-2014), West Ham (2014-2016) Morgan Amalfitano
3%
1 Newcastle (2012-2013) Romain Amalfitano
3%
2 Southampton (2018-2020) Yan Valery
3%
1 Huddersfield (2018-2019) Adama Diakhaby
2%
1 Blackburn (2011-2012) Anthony Modeste
2%
1 Watford (2019-2020) Dimitri Foulquier
2%
4 Newcastle (2011-2014, 2015-2016) Sylvain Marveaux
2%
1 Swansea (2015-2016) Franck Tabanou
1%
1 West Ham (2010-2011) Frédéric Piquionne
1%
1 Norwich (2019-2020) Ibrahim Amadou
1%
1 Sunderland (2013-2014) Modibo Diakité
1%
1 Blackpool (2010-2011) Elliot Grandin
0%
1 Cardiff (2013-2014) Kévin Théophile-Catherine
0%
1 Cardiff (2018-2019) Loïc Damour
0%
3 West Bromwich (2010-2013) Marc-Antoine Fortuné
0%
2 Wolverhampton (2010-2012) Ronald Zubar
0%
1 Wolverhampton (2010-2011) Steven Mouyokolo
0%
1 Norwich (2015-2016) Tony Andreu
0%
3 Sunderland (2013-2016) Valentin Roberge
0%
1 Bournemouth (2015-2016) Yann Kermorgant
0%
Aucun quiz correspondant
Distribution des résultats
% des personnes avec chaque résultat
Percentile par nombre de réponses
Votre historique - résultats
Vous n’avez pas pris ce quiz depuis la dernière actualisation